000 00343 a2200157 4500
001 73712
020 _a8588533-23-5
040 _cAnchieta - Colégio São Paulo
100 _aBastos, Ma Nazareth S.
240 1 0 _aMuito pessoal
_lpor
245 1 0 _aMuito pessoal
300 _a39
362 0 _a0
650 4 _aPoesia brasileira
942 _cBK
999 _c73712
_d73712